Digits of pi 1~200 - Statistics

General Stats
  • This quiz has been taken 104 times
  • The average score is 81 of 201
Answer Stats
Answer % Correct
3.
100%
1
95%
1
95%
4
95%
5
86%
9
86%
2
81%
2
81%
2
81%
3
81%
3
81%
3
81%
4
81%
5
81%
5
81%
6
81%
6
81%
6
81%
7
81%
8
81%
8
81%
9
81%
9
81%
0
71%
2
71%
2
71%
3
71%
3
71%
3
71%
4
71%
5
71%
7
71%
8
71%
9
71%
1
67%
4
67%
8
67%
8
67%
7
62%
9
62%
1
57%
3
57%
6
57%
9
57%
0
52%
0
52%
1
52%
2
52%
3
52%
5
52%
5
52%
7
52%
8
52%
9
52%
9
52%
0
48%
2
48%
3
48%
4
48%
4
48%
4
48%
5
48%
7
48%
7
48%
9
48%
9
48%
9
48%
0
43%
0
43%
0
43%
0
43%
1
43%
1
43%
1
43%
2
43%
2
43%
2
43%
2
43%
2
43%
3
43%
3
43%
4
43%
4
43%
4
43%
5
43%
6
43%
6
43%
6
43%
6
43%
6
43%
7
43%
7
43%
8
43%
8
43%
8
43%
8
43%
8
43%
8
43%
9
43%
9
43%
9
43%
0
38%
1
38%
2
38%
4
38%
8
38%
8
38%
0
33%
0
33%
0
33%
0
33%
1
33%
1
33%
2
33%
2
33%
2
33%
2
33%
2
33%
3
33%
3
33%
3
33%
3
33%
4
33%
4
33%
4
33%
5
33%
5
33%
5
33%
5
33%
6
33%
6
33%
6
33%
6
33%
7
33%
7
33%
8
33%
8
33%
8
33%
8
33%
9
33%
9
33%
3
24%
5
24%
5
24%
0
19%
0
19%
1
19%
1
19%
1
19%
1
19%
2
19%
2
19%
4
19%
4
19%
4
19%
5
19%
7
19%
8
19%
8
19%
8
19%
9
19%
0
14%
0
14%
1
14%
1
14%
1
14%
2
14%
2
14%
3
14%
4
14%
5
14%
7
14%
8
14%
8
14%
9
14%
0
10%
0
10%
1
10%
1
10%
2
10%
2
10%
3
10%
3
10%
4
10%
4
10%
4
10%
4
10%
5
10%
5
10%
5
10%
5
10%
6
10%
6
10%
6
10%
8
10%
8
10%
9
10%
9
10%
9
10%
9
10%
9
10%
No matching quizzes found
Score Distribution
Percent of People with Each Score
Percentile by Number Answered
Your Score History
You have not taken this quiz